Algebra y trigonometría con geometría analítica

محفوظ في:
التفاصيل البيبلوغرافية
المؤلفون الرئيسيون: Swokowski, Earl William (مؤلف), Cole, Jeffery A (مؤلف)
التنسيق: كتاب
اللغة:الإسبانية
منشور في: Ciudad de México, México Cengage Learning, 2011
الطبعة:13a. ed
الموضوعات:
الوصول للمادة أونلاين:Disponible Online
الوسوم: إضافة وسم
لا توجد وسوم, كن أول من يضع وسما على هذه التسجيلة!

MARC

LEADER 00000cam a2200000 a 4500
001 UCF1264
003 CL-VaPUC
005 20240923165905.0
008 120629e20110000MX |||||||||||||||||spa|d
999 |c 348147  |d 348145 
020 |a 9786074816129 
040 |c Pontificia Universidad Católica de Valparaíso 
082 0 4 |a 512 SWO 2011  |2 21 
100 0 |a Swokowski, Earl William  |e author  |9 562856 
245 1 0 |a Algebra y trigonometría con geometría analítica 
250 |a 13a. ed 
260 |a Ciudad de México, México   |b Cengage Learning,  |c 2011 
300 |a 840 páginas  
583 |a last modification  |c 20140428 12:36:32  |k Rodrigo Vera 
650 0 |a Álgebra  |9 259567 
650 0 |a Trigonometría   |9 259568 
650 0 |a Funciones (Matemáticas)  |9 338128 
650 0 |a Ecuaciones  |9 260137 
650 0 |a Geometría analítica   |9 260062 
700 0 |a Cole, Jeffery A  |e author  |9 562857 
852 |a BIBCUR 
856 4 |u http://bibliografiaobligatoria.pucv.cl.pucv.idm.oclc.org/index.php/bibliotecapucv/catalog/book/57  |y Disponible Online  
942 |c BK  |2 ddc 
945 |d 20120629 00:00:00  |a cmena 
952 |0 0  |1 0  |4 0  |6 512_000000000000000_SWO_2011  |7 0  |8 A  |9 450039  |a BIBMEC  |b BIBMEC  |d 2019-11-22  |i 4879511  |o 512 SWO 2011  |p 4879511  |r 2019-11-22  |w 2019-11-22  |y BK  |k MEC 
952 |0 0  |1 0  |4 0  |6 512_000000000000000_SWO_2011  |7 0  |8 A  |9 450040  |a BIBMEC  |b BIBMEC  |d 2019-11-22  |i 487952K  |o 512 SWO 2011  |p 487952K  |r 2024-01-19  |w 2019-11-22  |y BK  |k MEC 
952 |0 0  |1 0  |4 0  |6 512_000000000000000_SWO_2011  |7 0  |8 A  |9 450041  |a BIBMEC  |b BIBMEC  |d 2019-11-22  |i 4879538  |l 1  |m 1  |o 512 SWO 2011  |p 4879538  |r 2024-01-19  |s 2022-03-14  |w 2019-11-22  |y BK  |k MEC 
952 |0 0  |1 0  |3 erb  |4 0  |6 512_000000000000000_SWO_2011  |7 0  |8 R  |9 450042  |a BIBAGR  |b BIBAGR  |i 5072476  |l 5  |o 512 SWO 2011  |p 5072476  |r 2025-01-20  |s 2024-03-11  |w 2019-11-22  |y BK_R  |z Catalogado en:20140502  |k AGR 
952 |0 0  |1 0  |3 erb  |4 0  |6 512_000000000000000_SWO_2011  |7 0  |8 R  |9 450043  |a BIBAGR  |b BIBAGR  |i 5072484  |o 512 SWO 2011  |p 5072484  |r 2025-01-20  |w 2019-11-22  |y BK_R  |z Catalogado en:20140502  |k AGR 
952 |0 0  |1 0  |3 erb  |4 0  |6 512_000000000000000_SWO_2011  |7 0  |8 R  |9 450044  |a BIBAGR  |b BIBAGR  |i 5072492  |l 1  |o 512 SWO 2011  |p 5072492  |r 2025-01-20  |s 2022-08-25  |w 2019-11-22  |y BK_R  |z Catalogado en:20140502  |k AGR 
952 |0 0  |1 0  |3 erb  |4 0  |6 512_000000000000000_SWO_2011  |7 0  |8 R  |9 450045  |a BIBAGR  |b BIBAGR  |i 5072506  |l 2  |o 512 SWO 2011  |p 5072506  |q 2025-04-07  |r 2025-04-04  |s 2025-04-04  |w 2019-11-22  |y BK_R  |z Catalogado en:20140502  |k AGR 
952 |0 0  |1 0  |3 erb  |4 0  |6 512_000000000000000_SWO_2011  |7 0  |8 R  |9 450046  |a BIBAGR  |b BIBAGR  |i 5072514  |o 512 SWO 2011  |p 5072514  |r 2025-01-20  |w 2019-11-22  |y BK_R  |z Catalogado en:20140502  |k AGR 
952 |0 0  |1 0  |3 erb  |4 0  |6 512_000000000000000_SWO_2011  |7 0  |8 R  |9 450047  |a BIBAGR  |b BIBAGR  |i 5072522  |l 1  |o 512 SWO 2011  |p 5072522  |r 2025-01-20  |s 2022-03-24  |w 2019-11-22  |y BK_R  |z Catalogado en:20140502  |k AGR 
952 |0 0  |1 0  |3 erb  |4 0  |6 512_000000000000000_SWO_2011  |7 0  |8 R  |9 450048  |a BIBAGR  |b BIBAGR  |i 5072530  |l 2  |o 512 SWO 2011  |p 5072530  |r 2025-01-20  |s 2023-05-12  |w 2019-11-22  |y BK_R  |z Catalogado en:20140502  |k AGR 
952 |0 0  |1 0  |3 erb  |4 0  |6 512_000000000000000_SWO_2011  |7 0  |8 R  |9 450049  |a BIBAGR  |b BIBAGR  |i 5072549  |o 512 SWO 2011  |p 5072549  |r 2025-01-20  |w 2019-11-22  |y BK_R  |z Catalogado en:20140502  |k AGR 
952 |0 0  |1 0  |3 erb  |4 0  |6 512_000000000000000_SWO_2011  |7 0  |8 R  |9 450050  |a BIBAGR  |b BIBAGR  |i 5072557  |o 512 SWO 2011  |p 5072557  |r 2025-01-20  |w 2019-11-22  |y BK_R  |z Catalogado en:20140502  |k AGR 
952 |0 0  |1 0  |3 erb  |4 0  |6 512_000000000000000_SWO_2011  |7 0  |8 R  |9 450051  |a BIBAGR  |b BIBAGR  |i 5072565  |l 5  |o 512 SWO 2011  |p 5072565  |r 2025-01-20  |s 2022-04-13  |w 2019-11-22  |y BK_R  |z Catalogado en:20140502  |k AGR